Statistiques concernant Anagrammes - Vocabulaire - Série 19

Cliquez ici pour prendre le quiz!

Statistiques générales

  • Ce quiz a été pris 70 fois
  • Le résultat moyen est 9 sur 14

Statistiques - réponses

IndiceAnagrammeMot% Correct
véhiculeAOUTauto
94%
armeCLOTcolt
93%
tentativeAISESessai
93%
têteANCREcrane
83%
alienMARIENTmartien
80%
îleOCREScorse
74%
habitudesSERTIrites
69%
painsPATISpitas
63%
merETIOLESetoiles
57%
outilENTAILLEtenaille
57%
authenticitéCREATIVEveracite
50%
styleROTERretro
48%
relâchéeREDRESSEEdesserree
43%
militairePARTISANaspirant
7%

Distribution des résultats

Percentile par nombre de réponses

% des personnes avec chaque résultat

Votre développement - résultats

Vous n’avez pas pris ce quiz